| 000 | 01340cam a2200313 4500 | ||
|---|---|---|---|
| 001 | J115669 | ||
| 008 | 011121n2001 000 0 eng u | ||
| 035 | _a(Sirsi) u115669 | ||
| 110 |
_aRoyal Institution of Chartered Surveyors _bGovernance and Corporate Management _94171 |
||
| 245 | _aNotice of the extraordinary general meeting and postal ballot | ||
| 260 |
_aLondon _bRICS _c2001 |
||
| 300 |
_a[42]p. _c30cm. |
||
| 520 | _aThe texts, with explanatory comment, of the special resolutions to be voted on at the extraordinary general meeting on 12 November 2001, and of ordinary resolutions to be voted by postal ballot. The deadline for postal voting was 7 November 2001. Further information is given in "Extraordinary general meeting and postal ballot. Explanitory guide to the special and ordinary resolutions" (J115671). | ||
| 650 | _aACCREDITATION | ||
| 650 | _aACCREDITED COURSES | ||
| 650 | _aRICS BYE-LAWS | ||
| 650 | _aRICS ROYAL CHARTER | ||
| 650 | _aDISCIPLINARY PROCEDURES | ||
| 650 | _aCAREERS, EDUCATION AND TRAINING | ||
| 650 | _aFACULTIES | ||
| 650 | _aGOVERNANCE | ||
| 650 | _aRECOGNITION | ||
| 650 | _aRICS | ||
| 650 | _aRICS REGULATIONS | ||
| 650 | _aRICS RULES OF CONDUCT | ||
| 690 | _aCAREERS, EDUCATION AND TRAINING | ||
| 710 |
_aRoyal Institution of Chartered Surveyors _94900 |
||
| 942 | _n0 | ||
| 999 |
_c101783 _d101783 |
||